Least Dangerous Countries for American Travelers - Statistics

General Stats
  • This quiz has been taken 27 times
  • The average score is 37 of 52
Answer Stats
Answer % Correct
Europe Norway
92%
North America Canada
88%
Europe Finland
88%
Asia Japan
88%
Europe Poland
88%
Asia South Korea
88%
Europe Switzerland
88%
Oceania Tuvalu
88%
Oceania Australia
83%
Europe Czech Republic
83%
Oceania Fiji
83%
Europe Greece
83%
Europe Ireland
83%
Oceania Kiribati
83%
Europe Latvia
83%
Europe Lithuania
83%
Oceania New Zealand
83%
Europe Portugal
83%
Europe Slovenia
83%
Oceania Vanuatu
83%
Europe Austria
79%
Europe Estonia
79%
Europe Hungary
79%
Europe Malta
79%
Oceania Marshall Islands
79%
Oceania Nauru
79%
Oceania Samoa
79%
Europe Slovakia
79%
Oceania Tonga
79%
Oceania F.S. Micronesia
75%
Europe Iceland
75%
Europe Bulgaria
71%
Europe Luxembourg
71%
Oceania Palau
71%
Europe Montenegro
67%
Europe North Macedonia
67%
Asia Qatar
67%
North America Saint Kitts and Nevis
67%
Europe Romania
63%
North America Saint Lucia
63%
North America Saint Vincent and the Grenadines
63%
North America Antigua and Barbuda
58%
Asia Taiwan
58%
North America Dominica
54%
Asia Mongolia
54%
South America Suriname
54%
North America Barbados
50%
Asia Vietnam
42%
Asia Kazakhstan
38%
Asia Turkmenistan
29%
Asia Uzbekistan
29%
Africa Zambia
4%
No matching quizzes found
Score Distribution
Percent of People with Each Score
Percentile by Number Answered
Your Score History
You have not taken this quiz